| 000 | 00694 a2200205 4500 | ||
|---|---|---|---|
| 020 | _a0120887576 | ||
| 040 |
_aDLC _bDLC |
||
| 082 | 0 | 4 | _a621.381 |
| 100 | 1 | _aLuo, Fang Lin. | |
| 245 | 1 | 0 |
_aDigital power electronics and applications _cFang Lin Luo, Hong Ye, Muhammad Rashid. |
| 260 |
_aLondon : _aBoston : _bElsevier Academic, _cc2005. |
||
| 300 |
_axii, 408 p. : _bill., ports. ; 24 cm. |
||
| 650 | 0 | _aPower electronics. | |
| 650 | 0 | _aDigital electronics. | |
| 650 | 0 | _aDigital control systems. | |
| 700 | 1 |
_aYe, Hong, _d1973- |
|
| 700 | 1 | _aRashid, M. H. | |
| 856 | 4 | 2 |
_3Publisher description _uhttp://www.loc.gov/catdir/enhancements/fy0665/2005929576-d.html |
| 942 |
_cBK _k621.381 LUO _2ddc |
||
| 999 |
_c7996 _d7996 |
||